Tintin et les lettres rares (mort subite) - Statistiques

Statistiques générales
  • Ce quiz a été pris 35 fois
  • Le résultat moyen est 22 sur 30
Answers on the Grid
Answers color-coded by a green-red scale on the quiz's grid according to % correct below.
Professeur Fan Se- -eng
Maharad-ah de Ra-ha-poutalah
Mus-ar -II
-ang -en-Ghié
B-son-Flegmatique
Las-lo Carreidas
-ih-Os-h
Ridge-ell
-alter R-otto
-lot---y
-ibbons
Baltha-ar
Paul -antonneau
Ivan Ivanovitch Sa-harine
Samuel Gold-ood
Spons-
Chi-uito
Frank -olff
-amato
Madame -amilah
Igor -agner
-orrino
Piotr S-ut
Ba-ter
Thar-e-
Hippol-te Cal-s
Mr. Sno-ball
Maréchal Ple-s-- -Glad-
Rac-ham le Rouge
Rodrigue-
Paolo -olombani
-ean-Loup de la Batellerie
Miar-a
Bobb- Smiles
 
Statistiques - réponses
Réponse % Correct
Bobb- Smiles
89%
Ba-ter
84%
Igor -agner
84%
Maréchal Ple-s-- -Glad-
84%
Piotr S-ut
84%
Professeur Fan Se- -eng
84%
Rac-ham le Rouge
84%
Chi-uito
79%
-ean-Loup de la Batellerie
79%
Hippol-te Cal-s
79%
Maharad-ah de Ra-ha-poutalah
79%
-orrino
79%
Ridge-ell
79%
Spons-
79%
Thar-e-
79%
-ang -en-Ghié
74%
Baltha-ar
74%
Frank -olff
74%
Madame -amilah
74%
Rodrigue-
74%
-alter R-otto
68%
Ivan Ivanovitch Sa-harine
68%
Las-lo Carreidas
68%
Mr. Sno-ball
68%
Mus-ar -II
68%
Miar-a
63%
Samuel Gold-ood
63%
-lot---y
58%
-ih-Os-h
53%
-amato
47%
Aucun quiz correspondant
Distribution des résultats
% des personnes avec chaque résultat
Percentile par nombre de réponses
Votre historique - résultats
Vous n’avez pas pris ce quiz